000 00293nam a2200109Ia 4500
008 230907s9999||||xx |||||||||||||| ||und||
082 _a621.395,KAU
100 _aKaushik, Brajesh Kumar
_9115172
245 0 _aCarbon nanotube based VLSI interconnects:
300 _axi, 86 pages.:
942 _cBK
999 _c597761
_d597761